000 00343pab a2200157 454500
008 180718b2009 xxu||||| |||| 00| 0 eng d
100 _aTripathi, Vishwa Nath
245 _aWelfare: the pension scheme
260 _c2009
300 _ap.76-77.
362 _aMar
650 _aPensions
773 _aYojana
908 _aN
909 _a77717
999 _c77717
_d77717